Where stony ground is broken / (Record no. 4288)

MARC details
000 -LEADER
fixed length control field 00695cam a22002417a 4500
001 - CONTROL NUMBER
control field 12753863
003 - CONTROL NUMBER IDENTIFIER
control field GBCCL
005 - DATE AND TIME OF LATEST TRANSACTION
control field 20241126110515.0
008 - FIXED-LENGTH DATA ELEMENTS--GENERAL INFORMATION
fixed length control field 020425s2001 inua 000 0 eng
010 ## -
-- 2002279749
020 ## - INTERNATIONAL STANDARD BOOK NUMBER
International Standard Book Number 1880338319
040 ## - CATALOGING SOURCE
Original cataloging agency DLC
Transcribing agency DLC
050 00 -
-- MLCS 2004/05878 (B)
082 ## - DEWEY DECIMAL CLASSIFICATION NUMBER
Classification number 266
Item number MIL
100 1# - MAIN ENTRY--PERSONAL NAME
Personal name Miller, Lois P.
9 (RLIN) 3563
245 10 - TITLE STATEMENT
Title Where stony ground is broken /
Statement of responsibility, etc. by Lois P. Miller.
260 ## - PUBLICATION, DISTRIBUTION, ETC.
Place of publication, distribution, etc. Greenwood, IN :
Name of publisher, distributor, etc. OMS International,
Date of publication, distribution, etc. c2001.
300 ## - PHYSICAL DESCRIPTION
Extent xiv, 176 p. :
Other physical details ill. ;
Dimensions 22 cm.
650 ## - SUBJECT ADDED ENTRY--TOPICAL TERM
Topical term or geographic name entry element Missions
9 (RLIN) 885
906 ## - LOCAL DATA ELEMENT F, LDF (RLIN)
a 7
b cbc
c orignew
d 4
e ncip
f 20
g y-gencatlg
942 ## - ADDED ENTRY ELEMENTS (KOHA)
Source of classification or shelving scheme Dewey Decimal Classification
Koha item type Books
Holdings
Withdrawn status Lost status Source of classification or shelving scheme Damaged status Not for loan Home library Current Library Shelving location Date acquired Total checkouts Full call number Barcode Date last seen Copy number Price effective from Koha item type
    Dewey Decimal Classification     GRACE BIBLE COLLEGE GRACE BIBLE COLLEGE Ministry & Mission 2018-01-18   266 MIL 006508 2025-05-01 c.1 2018-01-18 Books
© Grace Bible College Library 2025